The agricultural surveyor in the `eighties (Record no. 87713)

MARC details
000 -LEADER
fixed length control field 00576cam a2200217 4500
001 - CONTROL NUMBER
control field D15036
008 - FIXED-LENGTH DATA ELEMENTS--GENERAL INFORMATION
fixed length control field 090401t1979 xxu||||| |||| 00| 0 eng d
035 ## - SYSTEM CONTROL NUMBER
System control number (Sirsi) u19795
041 ## - LANGUAGE CODE
Language code of text/sound track or separate title eng
050 ## - LIBRARY OF CONGRESS CALL NUMBER
Classification number 333.335
090 ## - LOCALLY ASSIGNED LC-TYPE CALL NUMBER (OCLC); LOCAL CALL NUMBER (RLIN)
Classification number (OCLC) (R) ; Classification number, CALL (RLIN) (NR) RICS 1979/58ABC
110 ## - MAIN ENTRY--CORPORATE NAME
Corporate name or jurisdiction name as entry element Royal Institution of Chartered Surveyors
9 (RLIN) 4900
245 #4 - TITLE STATEMENT
Title The agricultural surveyor in the `eighties
260 ## - PUBLICATION, DISTRIBUTION, ETC.
Name of publisher, distributor, etc. RICS
Date of publication, distribution, etc. 1979
300 ## - PHYSICAL DESCRIPTION
Extent 18p. 30cm
350 ## - PRICE (NR) (BK AM CF MU VM SE) [OBSOLETE]
Price 0
520 ## - SUMMARY, ETC.
Summary, etc. Filed in box RICS 1979/58 ABC
710 ## - ADDED ENTRY--CORPORATE NAME
Corporate name or jurisdiction name as entry element Land Agency and Agriculture Division
9 (RLIN) 773
942 ## - ADDED ENTRY ELEMENTS (KOHA)
Suppress in OPAC 0
948 ## - LOCAL PROCESSING INFORMATION (OCLC); SERIES PART DESIGNATOR (RLIN)
c (OCLC) 04/03/1997
Holdings
Withdrawn status Lost status Source of classification or shelving scheme Damaged status Not for loan Home library Current library Shelving location Date acquired Total Checkouts Full call number Barcode Date last seen Copy number Price effective from Koha item type
    Dewey Decimal Classification     London London RICS Boxes 14/09/1999   RICS 1979/58 30005371 06/08/2019 1 06/08/2019 Reference material
    Dewey Decimal Classification     London London RICS Boxes 09/08/1991   RICS 1979/58 30005372 06/08/2019 2 06/08/2019 Book
    Dewey Decimal Classification     London London RICS Boxes 22/08/1991   RICS 1979/58 30027891 06/08/2019 3 06/08/2019 Reference material